Biotechnology focus 1: fundamentals, applications, information
Sparad:
| Huvudupphovsmän: | , , , , , , |
|---|---|
| Materialtyp: | Bok |
| Språk: | engelska |
| Publicerad: |
Múnich
Hanser Publishers
1988
|
| Ämnen: | |
| Taggar: |
Lägg till en tagg
Inga taggar, Lägg till första taggen!
|
MARC
| LEADER | 00000nam a2200000 a 4500 | ||
|---|---|---|---|
| 001 | UCP6683 | ||
| 003 | CL-VaPUC | ||
| 008 | 991112e19880000GW |||||||||||||||||eng|d | ||
| 082 | 0 | 4 | |a 660.6 |b FIN |2 21 |
| 100 | 0 | |a Finn, R. K |e author |9 435914 | |
| 700 | 0 | |a Prave, P |e author |9 435915 | |
| 700 | 0 | |a Schlingmann, M |e author |9 435916 | |
| 700 | 0 | |a Crueger, W |e author |9 435917 | |
| 700 | 0 | |a Esser, K |e author |9 435918 | |
| 700 | 0 | |a Thauer, R |e author |9 435919 | |
| 700 | 0 | |a Wagner, F |e author |9 435920 | |
| 245 | 1 | 0 | |a Biotechnology focus 1: fundamentals, applications, information |
| 300 | |a 436 p | ||
| 942 | |c BK | ||
| 945 | |d 19991112 00:00:00 |a rbrito | ||
| 260 | |a Múnich |b Hanser Publishers |c 1988 | ||
| 650 | 0 | |a Biotecnología |9 259561 | |
| 650 | 0 | |a Biología |9 262022 | |
| 650 | 7 | |a MONOXIDO DE CARBON |2 CL-VaPUC |9 435921 | |
| 650 | 0 | |a Microorganismos |9 264259 | |
| 650 | 0 | |a Cromatografía |9 263967 | |
| 650 | 0 | |a Biorreactores |9 434185 | |
| 650 | 0 | |a Antibióticos |9 263034 | |
| 650 | 0 | |a Enzimas |9 262984 | |
| 650 | 0 | |a Genética |9 259443 | |
| 583 | |a last modification |c 19991112 00:00:00 |k Rodrigo Vera | ||
| 999 | |c 284152 |d 284150 | ||
| 952 | |0 0 |1 0 |4 0 |6 660_600000000000000_FIN_1988 |7 0 |8 A |9 327923 |a BIBING |b BIBING |d 2019-11-20 |i 3579107 |o 660.6 FIN 1988 |p 3579107 |r 2025-01-20 |w 2019-11-20 |y BK |k EIB | ||